01680njm a2200277Ia 4500001000600000003000900006005001700015008004100032040001300073040001300086041001300099100002300112100001800135100003800153245002500191250001100216260001100227260003800238300001700276300003100293500008300324505081800407511005901225650005601284700006201340G7155IT-RoPAU20220918181215.0131025s9999 xx 000 0 und d aIT-RoPAU cIT-RoPAU aSPAGNOLO aCamaron De La Isla eAutore musica gCodice autore musica SPICS: 55553 aUna leyenda flamenca a1a ed. aMADRID bPOLYGRAM IBERICAc1992 [1a Ed.:0] aCOMPACT DISC c82 minuti (Testo: 16 pag.) aMusica strumentale, flamenco. Leggenda Flamenca in due cd contenenti 25 brani. aComo el agua (1981, 3:38) - Te lo dice Camaron (1986, 3:32) - Vivirè (1984, 3:50) - Calle Real (1983, 3:29) - Al verte las flores lloran (1969, 2:39) - Las doce acaban de dar (1973, 2:16) - La leyenda del tiempo (1979, 3:32) - Salud antes que dinero (1973, 2:49) - Gitana te quiero (1981, 3:45) - Rosa Maria (1976, 2:14) - De tus ojos soy cautivo (1977, 3:10) - Canastera (1972, 3:50) - La primavera (1992, 3:51) - Cada vez quenos miramos (1970, 3:45) - Y mira que mira y mira (1977, 3:17) - Malito Yo Estaba (1975, 4:18) - Con roca de pedernal (1976, 3:24) - Se pelean en mi mente (1974, 2:30) - El espejo en que te miras (1971, 3:04) - Viejo mundo (1979, 2:42) - Volando voy (1979, 3:29) - Untiro al aire (1987, 4:42) - Moraito como un lirio (1976, 4:26) - Soy gitano (1989, 4:13) - Dicen de mi (1989, 4:34). aTomatito, Ramon De Algeciras diretti da Ricardo Pachon aFLAMENCO [COMPACT DISC]eCodice MATERIA SPICS: 9949 aDe Lucia PacogCodice interprete SPICS: 11612eInterprete